| 000 | 00700nam a22002297a 4500 | ||
|---|---|---|---|
| 999 |
_c14529 _d14529 |
||
| 003 | AR-CdUCM | ||
| 008 | 190423b ||||| |||| 00| 0 spa d | ||
| 020 | _a978-612-47128-5-2 | ||
| 040 |
_aMUNICIPALIDAD PROVINCIAL DEL CUSCO _cBIBLIOTECA MUNICIPAL DEL CUSCO |
||
| 082 |
_aPI / 869.56 / _bN55 |
||
| 100 |
_aNieto Degregori, Luis _96534 |
||
| 245 | _aVacaciones en Sicuani / | ||
| 260 |
_aLima : _bPanamericana, _c2016. |
||
| 300 |
_a35 páginas ; _c22 cm. _bIlustraciones, |
||
| 440 |
_aNiños del Perú _933336 |
||
| 650 |
_aVacaciones _933337 |
||
| 650 |
_aSicuani _929745 |
||
| 650 |
_aHistoria _9136 |
||
| 700 |
_aAyuni, Christian _933312 |
||
| 942 |
_2ddc _cLIBROS |
||
| 945 |
_arah _d23/04/2019 |
||